| 000 | 00926nam a22002777a 4500 | ||
|---|---|---|---|
| 003 | EG-ScBUE | ||
| 005 | 20211017152340.0 | ||
| 008 | 110823s2017 ua f 000 0 ara d | ||
| 017 | _a2017/1631 | ||
| 040 |
_aEG-ScBUE _bara _erda _cEG-ScBUE _dEG-ScBUE |
||
| 082 | 0 | 4 |
_a297.09 _bأ م ي _222 |
| 100 | 1 |
_926341 _aأمين، حسين أحمد، _eمؤلف. |
|
| 245 | 1 | 0 |
_aدليل المسلم الحزين / _cحسين أحمد أمين. |
| 250 | _aالطبعة الثانية عشر. | ||
| 264 | 1 |
_aالقاهرة : _bدار العين للنشر، _c2017. |
|
| 300 |
_a174 صفحة ؛ _c24 سم |
||
| 336 |
_2rdacontent _aنص _btxt |
||
| 337 |
_2rdamedia _aبدون وسيط _bn |
||
| 338 |
_2rdacarrier _aمجلد _bnc |
||
| 541 | _cإهداء. | ||
| 650 | 7 |
_926859 _aالإسلام _xتاريخ _yقرن 20. _2BUEsh |
|
| 651 | _2BUEsh | ||
| 653 |
_cAugust2011 _bGGEN |
||
| 655 |
_vReading book _934232 |
||
| 942 |
_2ddc _cBB |
||
| 999 |
_c29602 _d29573 |
||